Movies Quiz

Random Movies or Letter Quiz

Top Grossing 'H' Movies Quiz Stats

 Plays Quiz Updated Jan 3, 2019

Score 0/21 Timer 05:00
8 Plays Today
% Correct
Harry Potter and the Sorcerers's Stone
99.4%
Home Alone
97.1%
The Hunger Games
96.6%
Harry Potter and the Deathly Hallows: Part 2
92.4%
Harry Potter and the Deathly Hallows: Part 1
92.4%
Harry Potter and the Prisoner of Azkaban
92.2%
Harry Potter and the Chamber of Secrets
92.1%
The Hunger Games: Mockingjay - Part 2
92%
The Hunger Games: Mockingjay - Part 1
92%
Harry Potter and the Goblet of Fire
91.8%
The Hunger Games: Catching Fire
91.5%
% Correct
The Hobbit: An Unexpected Journey
91.4%
Harry Potter and the Half-Blood Prince
91%
Harry Potter and the Order of the Phoenix
89.6%
How to Train Your Dragon
83.8%
The Hobbit: The Desolation of Smaug
83.2%
The Hangover Part II
81.2%
The Hobbit: The Battle of the Five Armies
80.9%
Hancock
74.1%
How to Train Your Dragon 2
71.5%
Hotel Transylvania 3
58.2%

You're not logged in!

Compare scores with friends on all Sporcle quizzes.
OR
Log In

You Might Also Like...

Show Comments

Extras

Top Quizzes Today


Score Distribution

Your Account Isn't Verified!

In order to create a playlist on Sporcle, you need to verify the email address you used during registration. Go to your Sporcle Settings to finish the process.

Report this User

Report this user for behavior that violates our Community Guidelines.

Details: